000 00333nam a22001217a 4500
999 _c1991
_d1991
005 20200908103237.0
008 200908b ||||| |||| 00| 0 eng d
020 _a9781471839337
040 _cCML
245 _aPhysics.
_cMorris, P.
260 _aUK
_bHodder Education
_c2015
942 _2ddc
_cBK
_e1st Edition
_h530
_mMOR